Top 10 des Jeux-Vidéos dans le monde - Statistiques

Statistiques générales
  • Ce quiz a été pris 574 fois
  • Le résultat moyen est 3 sur 10
Statistiques - réponses
Top Jeux % Correct
10 Grand Theft Auto V
81%
3 Super Mario 64
60%
1 The Legend of Zelda : Ocarina of Time
40%
6 Tetris
28%
2 The Last of Us
22%
4 Final Fantasy VII
12%
9 World of Warcraft
12%
8 Street Fighter 2
7%
5 GoldenEye 007
3%
7 Bioshock
2%
Aucun quiz correspondant
Distribution des résultats
% des personnes avec chaque résultat
Percentile par nombre de réponses
Votre historique - résultats
Vous n’avez pas pris ce quiz